Administración de recursos humanos (Registro nro. 1112)

Detalles MARC
000 -LEADER
fixed length control field 01479 a2200229 4500
001 - CONTROL NUMBER
control field 23651
005 - DATE AND TIME OF LATEST TRANSACTION
control field 20260407155522.0
008 - FIXED-LENGTH DATA ELEMENTS--GENERAL INFORMATION
fixed length control field 260407a1988 arg spa d
003 - CONTROL NUMBER IDENTIFIER
control field AR-UNSa-BCEJYS
040 ## - CATALOGING SOURCE
Original cataloging agency AR-UNSa-BCEJYS
Language of cataloging spa
Transcribing agency AR-UNSa-BCEJYS
080 ## - UNIVERSAL DECIMAL CLASSIFICATION NUMBER
Universal Decimal Classification number 658.3
Common auxiliary subdivision Personal. Relaciones humanas en la empresa (Recursos Humanos)
020 ## - INTERNATIONAL STANDARD BOOK NUMBER
International Standard Book Number 968-24-3061-5
100 1# - MAIN ENTRY--PERSONAL NAME
Personal name Arias Galicia, Fernando
245 10 - TITLE STATEMENT
Title Administración de recursos humanos
250 ## - EDITION STATEMENT
Edition statement 3a. ed
264 #1 - PRODUCTION, PUBLICATION, DISTRIBUTION, MANUFACTURE, AND COPYRIGHT NOTICE
Place of production, publication, distribution, manufacture México :
Name of producer, publisher, distributor, manufacturer Trillas
Date of production, publication, distribution, manufacture, or copyright notice 1988
300 ## - PHYSICAL DESCRIPTION
Extent 533 p.
Dimensions 22 cm.
505 ## - FORMATTED CONTENTS NOTE
Formatted contents note 1. Teoría de los sistemas – 2. Administración de recursos humanos – 3. El comportamiento humano – 4. Las teorías gerenciales – 5. El supervisor – 6. La función de administración de recursos humanos – 7. Análisis de puestos – 8. Los salarios – 9. Reclutamiento y selección de personal – 10. Inducción – 11. Relaciones entre trabajadores y dirección – 12. Educación y entrenamiento – 13. Medición del desempeño – 14. Higiene y seguridad industrial – 15. Servicios y prestaciones – 16. Comunicación – 17. Proceso de desarrollo organizacional – 18. Terminación de las relaciones de trabajo – 19. Auditorías e investigación relativas a los recursos.
590 ## - LOCAL NOTE (RLIN)
Local note niveau_biblio:m niveau_hierar:0
856 41 - ELECTRONIC LOCATION AND ACCESS
Uniform Resource Identifier <a href="https://biblioeco.unsa.edu.ar/pmb/images/libros/Administraci?n de recursos humanos Arias Galicia Fernando (1976).jpg">https://biblioeco.unsa.edu.ar/pmb/images/libros/Administraci?n de recursos humanos Arias Galicia Fernando (1976).jpg</a>
Link text Imagen de portada
Electronic format type image/jpeg
942 ## - ADDED ENTRY ELEMENTS (KOHA)
Koha item type
Existencias
Withdrawn status Lost status Damaged status Not for loan Home library Current library Shelving location Date acquired Total checkouts Full call number Barcode Date last seen Price effective from Koha item type
        Biblioteca Prof. Eusebio Cleto del Rey Biblioteca Prof. Eusebio Cleto del Rey   07/04/2026   658.3 A696 3ed. L53627 07/04/2026 07/04/2026 Libro